Statistics for Denver Nuggets Nicknames

Click here to take the quiz!

General Stats

  • This quiz has been taken 48 times
  • The average score is 4 of 6

Answer Stats

Nickname Player % Correct
MeloCarmelo Anthony
100%
The AnswerAllen Iverson
91%
The JokerNikola Jokić
87%
ManimalKenneth Faried
69%
K-MartKenyon Martin
60%
SkywalkerDavid Thompson
16%

Score Distribution

Percentile by Number Answered

Percent of People with Each Score

Your Score History

You have not taken this quiz